John Candy Movies - Statistics

General Stats
  • This quiz has been taken 614 times
    19 since last reset
  • The average score is 15 of 40
Answer Stats
Year Character Name Movie Title % Correct
1990 Gus Polinski Home Alone
88%
1987 Barf Spaceballs
88%
1989 Harry Crumb Who's Harry Crumb?
82%
1987 Del Griffith Planes, Trains and Automobiles
76%
1981 Dewey Oxberger Stripes
76%
1989 Buck Russell Uncle Buck
76%
1988 Chet Ripley The Great Outdoors
71%
1995 Sheriff Bud Boomer Canadian Bacon
65%
1993 Irv Cool Runnings
59%
1983 Lasky - Park Guard National Lampoon's Vacation
59%
1984 Freddie Bauer Splash
59%
1985 Jack Chester Summer Rental
59%
1991 Danny Muldoon Only the Lonely
53%
1980 Burton Mercer The Blues Brothers
53%
1994 James Harlow Wagons East!
53%
1979 Pvt. Foley 1941
47%
1991 Jack Gable Delirious
47%
1991 Dennis & Eldona Nothing But Trouble
47%
1986 Frank Dooley Armed and Dangerous
41%
1991 Dean Andrews JFK
41%
1986 Wink Wilkinson Little Shop of Horrors
41%
1992 Augie Morosco Once Upon a Crime...
41%
1990 Wilbur (Voice) The Rescuers Down Under
41%
1985 Tom T. Tuttle Volunteers
41%
1983 John Bourgignon Going Berserk
29%
1985 Spike Nolan Brewster's Millions
18%
1988 Don (Voice) Hot to Trot
12%
1993 Cliff Murdoch Rookie of the Year
12%
1985 State Trooper Sesame Street Presents Follow That Bird
12%
1976 Kopek Find the Lady
6%
1981 Desk Sergeant Heavy Metal
6%
1975 Kopek It Seemed Like a Good Idea at the Time
6%
1979 Carpentier Lost and Found
6%
1990 Beer Truck Driver Masters of Menace
6%
1989 Charlie Speed Zone!
6%
1976 Ollie The Clown Murders
6%
2026 Smokestack Sam (Voice) The Magic 7
6%
1978 Simonsen The Silent Partner
6%
1976 Cooper Tunnel Vision
6%
1980 John Double Negative
0%
No matching quizzes found
Score Distribution
Percent of People with Each Score
Percentile by Number Answered
Your Score History
You have not taken this quiz since the last reset